000 00963nam a2200241Ia 4500
001 10611
003 GE_BSU
008 181216s||||||||xx |||||||||||||| ||und||
020 _a9789941130298
040 _cGE_BSU
100 _aთუთბერიძე,ბეჟან
245 _aმინერალოგია
245 _bსახელმძღვ.უმაღლ.სასწ.გეოლ.სპეც.სტუდ.
245 _cრედ:ვ.ქოიავა.
260 _aთბილისი,ივანე ჯავახიშვილის სახ.თსუ.
260 _bთბილ.უნ–ტის გამ–ბა.
260 _c2010
300 _a630გვ;20სმ.
300 _bბიბლიოგრ.გვ:616. ტაბ.
541 _h34ლ.
653 _aმინერალოგია:[სახელმძღვ.უმაღლ.სასწ.გეოლ.სპეც.სტუდ.]
942 _cBK
999 _c43862
_d43862